Warisan Melayu Sri Lanka (Record no. 78771)

MARC details
000 -LEADER
fixed length control field 00653nam a2200229 i 4500
001 - CONTROL NUMBER
control field C2-0270222
003 - CONTROL NUMBER IDENTIFIER
control field PPAK
005 - DATE AND TIME OF LATEST TRANSACTION
control field 20180728000639.0
008 - FIXED-LENGTH DATA ELEMENTS--GENERAL INFORMATION
fixed length control field 060809s2003 my |||| ||||| | may d
020 ## - INTERNATIONAL STANDARD BOOK NUMBER
International Standard Book Number 9836280561
040 ## - CATALOGING SOURCE
Original cataloging agency PPAK
Language of cataloging eng
Transcribing agency PPAK
Description conventions rda
082 04 - DEWEY DECIMAL CLASSIFICATION NUMBER
Classification number 306.08992305495
Edition number 23
090 00 - LOCALLY ASSIGNED LC-TYPE CALL NUMBER (OCLC); LOCAL CALL NUMBER (RLIN)
Classification number (OCLC) (R) ; Classification number, CALL (RLIN) (NR) 306.08992305495
Feature heading WAR
Feature heading G
245 00 - TITLE STATEMENT
Title Warisan Melayu Sri Lanka
264 #1 - PRODUCTION, PUBLICATION, DISTRIBUTION, MANUFACTURE, AND COPYRIGHT NOTICE
Place of production, publication, distribution, manufacture Kuala Lumpur :
Name of producer, publisher, distributor, manufacturer Dewan Bahasa dan Pustaka ,
Date of production, publication, distribution, manufacture, or copyright notice 2003
300 ## - PHYSICAL DESCRIPTION
Extent xviii, 517 pages ;
Dimensions 22 cm
336 ## - CONTENT TYPE
Source rdacontent
Content type term text
337 ## - MEDIA TYPE
Source rdamedia
Media type term unmediated
338 ## - CARRIER TYPE
Source rdacarrier
Carrier type term volume
650 10 - SUBJECT ADDED ENTRY--TOPICAL TERM
Topical term or geographic name entry element Malay - Sri Langka - Menners and customs.
942 ## - ADDED ENTRY ELEMENTS (KOHA)
-- dc
Koha item type Book
Holdings
Withdrawn Not for loan Current library Shelving location Date acquired Total Checkouts Total Renewals Full call number Barcode Date last seen Date last checked out Koha item type
    Perpustakaan Alor Setar Pinjaman Dewasa 29/03/2007 1 1 306.08992305495 WAR A01161813 28/05/2019 23/04/2019 Book
    Perpustakaan Awam Sungai Petani Pinjaman Dewasa 29/03/2007     306.08992305495 WAR A01161814 09/05/2018   Book
    Perpustakaan Baling Pinjaman Dewasa 29/03/2007     306.08992305495 WAR A01161816 09/05/2018   Book
    Perpustakaan Jitra Pinjaman Dewasa 29/03/2007     306.08992305495 WAR A01161815 09/05/2018   Book